Spanish Country Names of Europe - Statistics

General Stats
  • This quiz has been taken 61 times
    52 since last reset
  • The average score is 20 of 43
Answer Stats
Hint Answer % Correct
Spain Espana
95%
Andorra Andorra
90%
Portugal Portugal
90%
Italy Italia
85%
Deutschland (Germany) Alemania
80%
Monaco Monaco
80%
Serbia Serbia
80%
France Francia
75%
Kosovo Kosovo
75%
Austria Austria
70%
Estonia Estonia
60%
Finland Finlandia
60%
Greece Grecia
60%
Netherlands Países Bajos
60%
Poland Polonia
60%
Iceland Islandia
55%
Liechtenstein Liechtenstein
55%
Montenegro Montenegro
55%
Bulgaria Bulgaria
50%
Luxembourg Luxemburgo
50%
San Marino San Marino
50%
Switzerland Suiza
50%
Croatia Croacia
45%
Slovenia Eslovenia
45%
Lithuania Lituania
45%
Denmark Dinamarca
40%
Slovakia Eslovaquia
40%
Bosnia and Herzegovina Bosnia y Herzegovina
35%
North Macedonia Macedonia del Norte
35%
Romania Rumania
35%
Hungary Hungria
30%
Czechia Chequia
25%
Ireland Irlanda
25%
Latvia Letonia
25%
Sweden Suecia
25%
United Kingdom El Reino Unido
10%
Vatican City El Ciudad del Vaticano
5%
Albania La Albania
5%
Belarus La Belarus
5%
Belgium La Belgica
5%
Moldova La Moldavia
5%
Norway La Noruega
5%
Ukraine La Ucrania
5%
No matching quizzes found
Score Distribution
Percent of People with Each Score
Percentile by Number Answered
Your Score History
You have not taken this quiz since the last reset